International Commercial Arbitration Advocacy : (Record no. 36)

MARC details
000 -LEADER
fixed length control field 00641nam a22001697a 4500
005 - DATE AND TIME OF INPUT
control field 20231025064002.0
008 - DATA ELEMENTS--GENERAL INFORMATION
fixed length control field 231025b |||||||| |||| 00| 0 eng d
020 ## - INTERNATIONAL STANDARD BOOK NUMBER
International Standard Book Number 9781601560810
041 ## - LANGUAGE CODE
Language code of text English
082 ## - SHELF NUMBER
DDC number 347.1 HEA
100 ## - MAIN AUTHOR
Main author's name Heard HR, Walker SL with Cooley JW
Language of a work English
245 ## - TITLE STATEMENT
Title International Commercial Arbitration Advocacy :
Sub-title A Practitioner's Guide for American Lawyers /
Statement of responsibility, etc. HR Heard, SL Walker with JW Cooley
260 ## - PUBLICATION, DISTRIBUTION, ETC.
Place of publication, distribution, etc. United States of America :
Name of publisher, distributor, etc. National Institute for Trail Advocacy,
Date of publication, distribution, etc. 2010
300 ## - PHYSICAL DESCRIPTION
Other physical details x, 249 pages ;
Dimensions 26,2 cm.
Accompanying material CD
650 ## - SUBJECT`
Broad subject Legal practice
Own subject terms Law
942 ## - ADDED ENTRY ELEMENTS (KOHA)
Item type Books
942 ## - ADDED ENTRY ELEMENTS (KOHA)
-- ALISON_BN_VRIES
Holdings
Source of classification or shelving scheme Not for loan Collection code Home library Current library Shelving location Date acquired Full call number Barcode Price effective from Koha item type
Dewey Decimal Classification   TEXT BOOKS LAW SOCIETY OF NAMIBIA LIBRARY - WINDHOEK LAW SOCIETY OF NAMIBIA LIBRARY - WINDHOEK Civil Procedure and Court 10/25/2023 347.1 HEA LSN/2016/25 10/25/2023 Books